Θαυμασμός και παράδοξο

Αποθηκεύτηκε σε:
Λεπτομέρειες βιβλιογραφικής εγγραφής
Κύριος συγγραφέας: Βέικος, Θεόφιλος Α., 1936-1995
Μορφή: Βιβλίο
Γλώσσα:Greek
Δημοσίευση: Αθήνα : Ελληνικά Γράμματα, 1995
Θέματα:
Ετικέτες: Προσθήκη ετικέτας
Δεν υπάρχουν, Καταχωρήστε ετικέτα πρώτοι!

MARC

LEADER 00000cam a2200000 i 4500
001 1/20655
008 980430s1995 gr | ||| |||| ||gre||
020 |a 9603441236 
035 |l 10036091 
040 |a GR-MY-UA  |b gre  |e aacr 
041 0 |a gre 
082 0 |a 100 
100 1 |a Βέικος, Θεόφιλος Α.,   |d 1936-1995. 
245 1 0 |a Θαυμασμός και παράδοξο /  |c Θεόφιλος Βέϊκος 
260 |a Αθήνα :   |b Ελληνικά Γράμματα,   |c 1995 
300 |a 117 σ. 
650 0 0 |a Wonder (Philosophy) 
650 0 0 |a Paradox. 
852 |a INST  |b RHODES  |e 19990121  |h 100 ΒΕΙ  |p 005400005730  |q 005400005730  |t BK  |y 0 
852 |a INST  |b RHODES  |e 19980430  |h 100 ΒΕΙ  |p 005400010718  |q 005400010718  |t BK  |y 0 
901 |a BIBL-1998-1 
909 |a Ρ  |b 052776  |c 1998 
909 |a Ρ  |b 053646  |c 1998 
922 |a 4ΕΛΗ  |b 199712  |c ΦΙΟΡΑΒΑΝΤΕΣ  |d EMVASIS